|
|
|
|
| LEADER |
00966nam a2200301 a 4500 |
| 001 |
000548840 |
| 003 |
CZ BrMZK |
| 005 |
20090226152611.0 |
| 007 |
ta |
| 008 |
000115s1998 xr g f cze d |
| 015 |
|
|
|a cnb000888303
|
| 020 |
|
|
|a 80-238-6476-9
|
| 040 |
|
|
|a BOA001
|b cze
|
| 041 |
1 |
|
|a cze
|a fre
|
| 072 |
|
7 |
|a 821.162.3-3
|x Česká próza
|2 Konspekt
|9 25
|
| 080 |
|
|
|a 821.162.3-3
|2 MRF
|
| 080 |
|
|
|a (0:82-3)
|2 MRF
|
| 100 |
1 |
|
|a Roučka, Adam,
|d 1980-
|7 xx0010955
|
| 245 |
1 |
0 |
|a Lidé /
|c Adam Roučka ; ilustrace Pavel Roučka.
|
| 246 |
3 |
1 |
|a <<Les >>gens
|
| 260 |
|
|
|a Praha :
|b Inductotherm SMV international,
|c 2000/2001
|
| 300 |
|
|
|a [36] s. :
|b il. ;
|c 31 cm
|
| 500 |
|
|
|a Název a text též francouzsky
|
| 655 |
|
7 |
|a české prózy
|7 fd133972
|2 czenas
|
| 700 |
1 |
|
|a Roučka, Pavel,
|d 1942-
|7 jk01102859
|
| 910 |
|
|
|a BOA001
|b 4-1083.138
|
| 990 |
|
|
|a BK
|
| 996 |
6 |
|
|b 2610130921
|c 4-1083.138
|l MZK
|r Sklad / do 1 hodiny
|n 1
|p p.v.
|w 000548840
|u 000010
|a 1
|e BOA001
|j MZK50
|s P
|